| 000 | 00735nam a22003010a 4500 | ||
|---|---|---|---|
| 001 | PT18450 | ||
| 003 | AR-LpoUNG | ||
| 005 | 20210131232818.0 | ||
| 008 | 191001s1996||||ag |||||||||||||||||spa d | ||
| 020 |
_a9507511156 _c$5.33 |
||
| 040 |
_aAR-LpoUNG _bspa _cAR-LpoUNG _eaacr |
||
| 041 | _aspa | ||
| 044 | _aag | ||
| 082 | 0 | _a410 796mij | |
| 100 | 1 | _aDrucaroff, Elsa | |
| 245 | 1 | 0 |
_aMijail Bajtín : _bla guerra de las culturas |
| 250 | _a1§ edición | ||
| 260 |
_aBuenos Aires : _bAlmagesto, _cjunio 1996. |
||
| 300 |
_a167 p. : _bil. |
||
| 650 | 4 | _aIDEOLOGIAS | |
| 650 | 4 | _aLENGUAJE | |
| 650 | 4 | _aLITERATURA | |
| 653 | _aLINGUISTICA | ||
| 653 | _aMAES | ||
| 653 | _aSEMIOLOGIA | ||
| 905 | _a18450 | ||
| 942 | _cLIB | ||
| 999 |
_c17619 _d17619 |
||